000 00878cab a2200217 4500
001 ##L133675
008 060601n2006 000 0 eng u
035 _a(Sirsi) u133675
041 0 _aeng
100 1 _aRoss, Matt
245 0 0 _aA-Z of funding 2006-2007
_bplus the guide to attracting property investment
260 _c2006
490 0 _aRegeneration and Renewal
_vMay 2006, 1-30(23)
520 _aThis supplement lists possible funding options for regeneration projects in the United Kingdom as a whole, and separately in England, Scotland, Wales and Northern Ireland. Also contains a checklist to help regeneration organisations in their dealings with the property industry.
590 _aIKA060606
651 4 _aUnited Kingdom
_y
690 _aPROPERTY-PROPERTY MANAGEMENT-REGENERATION
700 1 _aCarpenter, Jamie
700 1 _aCoxon, Alexandra
942 _n0
999 _c77149
_d77149